| 000 | 01104cam a2200313 a 4500 | ||
|---|---|---|---|
| 001 | 000009223 | ||
| 005 | 20250128171937.0 | ||
| 008 | 830224s1983 sp a 001 e spa d | ||
| 020 | _a8423921026 | ||
| 040 |
_aDO-SdBNP _cDLC _dDLC |
||
| 082 |
_aA860.4 _bD192B, 1982 |
||
| 100 | 1 |
_aBorges, Jorge Luis, _d1899-1986 _94173 |
|
| 245 | 1 | 0 |
_aNueve ensayos dantescos / _cJorge Luis Borges ; introducción de Marcos Ricardo Barnatán. |
| 250 | _a2a ed. | ||
| 260 |
_aMadrid : _bEspasa-Calpe, _c1983. |
||
| 300 |
_a161 p. : _bil. ; _c18 cm. |
||
| 490 | 1 |
_aSelecciones Austral _v102 |
|
| 504 | _aIncluye referencias bibliográficas. | ||
| 600 | 1 | 4 |
_aDANTE ALIGHIERI _d1265-1321 _xCRÍTICA E INTEPRETACIÓN _923915 |
| 650 | 4 |
_aLiteratura argentina _93860 |
|
| 650 | 4 |
_aPoesía italiana _xCrítica e intepretación _923916 |
|
| 650 | 4 |
_aLiteratura italiana _xCrítica e intepretación _923917 |
|
| 700 | 1 |
_aBarnatán, Marcos Ricardo, _eintro. _923918 |
|
| 740 | 0 | _a9 ensayos dantescos | |
| 830 | 0 |
_aSelecciones Austral ; _v102 _919172 |
|
| 910 | _aCatalogación por copia / LC | ||
| 910 | _aWM | ||
| 049 | _aBNGR | ||
| 999 |
_c8986 _d8986 |
||